000 04082nas1a22004451i 4500
001 RU\NLR\INFOCOMM18\1000144850
005 20240725222042.0
035 _a(NLR Aleph) 002461854
090 _a2259350
_c2259350
100 _a20040831c1967 |||y0rusy50 ca
101 0 _arus
102 _aRU
110 _aayu||||0|y0
200 1 _aИнформационный бюллетень
_fДом пропаганды пед. знаний и передового опыта АПН СССР. Ин-т теории и истории педагогики АПН СССР
210 _aМ.
_d1967-
309 _aОтпеч. множит. аппаратом
710 0 2 _aИнститут теории и истории педагогики
_cМосква
_4070
712 0 2 _aДом пропаганды педагогических знаний и передового опыта
_cМосква
_4570
801 1 _aRU
_bInfoComm
_c20040831
801 0 _aRU
_bNLR
_gPSBO
852 _aNLR
_jП51/156
942 _cJOURNAL
980 _aRUSPER